00853cam a22002537a 450000500170000000800410001701000100005801100100006803500100007808200180008810000310010624500580013726000300019530000110022550000820023659000410031859000420035965000210040170000290042290100070045194900650045894900590052399900170058220220329141232.0971010s1987 r 00010 d a64893 a65865 a73348 a633bM4Y 198000aMetcalfe, Darrel S.975185 0aProducción de cosechasb: fundamentos y prácticas aMéxico :bLimusa,c1987 a991 p. aTrad. de: Crop production: principles and practices 4 ed. en inglés de 1980 aBATCH-UPDb10c20130110lUCH01h1815 aCONVERSIONb10c20130109lUCH01h133514aCultivos.9302210 aElkins, Donald M.936350 aBK a633 M4Y 1980bDCFcLIBROd-59849eLIBROfc.2h3657i73348si a633 M4Y 1980bDCFcLIBROd-6147eLIBROh3656i73348si c64893d64893